[Event "Bratto op-B 32nd"]
[Site "Bratto"]
[Date "2012.08.22"]
[Round "5"]
[White "Llaneza Vega, Patricia"]
[Black "Alberton, Roberto"]
[Result "1/2-1/2"]
[WhiteElo "2238"]
[BlackElo "2108"]
[PlyCount "55"]
[EventDate "2012.08.18"]
[EventType "swiss"]
[EventRounds "9"]
[EventCountry "ITA"]
[SourceTitle "EXT 2014"]
[Source "ChessBase"]
[SourceDate "2013.11.20"]
[SourceVersion "1"]
[SourceVersionDate "2013.11.20"]
[SourceQuality "1"]

1. e4 d6 2. d4 Nf6 3. Nc3 e5 4. Nf3 Nbd7 5. g4 g6 6. g5 Nh5 7. Be3 Bg7 8. Qd2 c6 9. 0-0-0 0-0 10. dxe5 dxe5 11. Ne2 f5 12. gxf6 Qxf6 13. Bg2 Nb6 14. Bc5 Re8 15. Qg5 Qf7 16. Rd8 Bf6 17. Rxe8+ Qxe8 18. Qe3 Nc4 19. Qc3 Be6 20. Ng3 Nxg3 21. hxg3 b6 22. Be3 Nxe3 23. Qxe3 Qe7 24. Kb1 Rd8 25. Qh6 Bg4 26. Qe3 Be6 27. Qh6 Bg4 28. Qe3 1/2-1/2

[Event "Verona op 13th"]
[Site "Verona"]
[Date "2007.01.04"]
[Round "3"]
[White "Stella, Andrea"]
[Black "Alberton, Roberto"]
[Result "1/2-1/2"]
[WhiteElo "2084"]
[BlackElo "2138"]
[PlyCount "39"]
[EventDate "2007.01.03"]
[EventType "swiss"]
[EventRounds "7"]
[EventCountry "ITA"]
[SourceTitle "CBM 116 Extra"]
[Source "ChessBase"]
[SourceDate "2007.03.07"]
[SourceVersion "1"]
[SourceVersionDate "2007.03.07"]
[SourceQuality "1"]

1. c4 e5 2. Nc3 Nf6 3. d3 d5 4. cxd5 Nxd5 5. Nf3 Nc6 6. g3 Be7 7. Bg2 Be6 8. 0-0 0-0 9. Bd2 Qd7 10. a3 a5 11. Rc1 Nb6 12. Ne4 a4 13. Nc5 Bxc5 14. Rxc5 f6 15. Rc1 Bb3 16. Qe1 Rfd8 17. Bc3 Bd5 18. Qd1 Bb3 19. Qe1 Bd5 20. Qd1 1/2-1/2

[Event "ITA-ch sf 66th"]
[Site "Cortina d'Ampezzo"]
[Date "2006.07.16"]
[Round "9.15"]
[White "Pizzuto, Samuele Tullio"]
[Black "Alberton, Roberto"]
[Result "0-1"]
[WhiteElo "2201"]
[BlackElo "2128"]
[PlyCount "126"]
[EventDate "2006.07.09"]
[EventType "swiss"]
[EventRounds "9"]
[EventCountry "ITA"]
[SourceTitle "EXT 2023"]
[Source "ChessBase"]
[SourceDate "2022.10.05"]
[SourceVersion "1"]
[SourceVersionDate "2022.10.05"]
[SourceQuality "1"]

1. d4 Nf6 2. Nc3 d5 3. Bg5 c6 4. e3 Qb6 5. Rb1 Bf5 6. Bd3 Bg6 7. f4 Bxd3 8. cxd3 Nbd7 9. Nf3 e6 10. 0-0 Be7 11. Ne5 Qc7 12. b4 0-0 13. Qe2 Rfc8 14. Rfc1 Qd8 15. Na4 Nxe5 16. dxe5 Nd7 17. Bxe7 Qxe7 18. d4 b5 19. Nc5 Nb6 20. a4 Nc4 21. axb5 cxb5 22. Ra1 Rc7 23. Ra6 Qh4 24. Rf1 h5 25. h3 g6 26. Kh2 Qe7 27. g3 Kg7 28. Rf2 Qe8 29. Qf3 Qc8 30. Rfa2 Nb6 31. Qe2 Na4 32. R6xa4 bxa4 33. Rxa4 Rb8 34. Kg2 Qe8 35. Qa2 Qb5 36. Kf2 Rc6 37. Qc2 Rcb6 38. Qa2 Kg8 39. Kg2 Qc4 40. Nd7 Rxb4 41. Qxc4 dxc4 42. Rxa7 Rc8 43. Nc5 c3 44. Ra1 c2 45. Rc1 Rc4 46. Kf3 Rb8 47. Ke2 Rb1 48. Kd2 Rxc1 49. Kxc1 Kf8 50. Ne4 Ke7 51. g4 h4 52. f5 gxf5 53. gxf5 exf5 54. Nd6 Rc3 55. Nxf5+ Ke6 56. Nxh4 Kd5 57. Ng2 Kc4 58. Ne1 Kb3 59. d5 Rxe3 60. Nxc2 Rc3 61. e6 Rxc2+ 62. Kd1 fxe6 63. dxe6 Rc6 0-1

[Event "ITA-ch sf 66th"]
[Site "Cortina d'Ampezzo"]
[Date "2006.07.12"]
[Round "5.19"]
[White "Campini, Marco"]
[Black "Alberton, Roberto"]
[Result "1-0"]
[WhiteElo "2100"]
[BlackElo "2128"]
[PlyCount "61"]
[EventDate "2006.07.09"]
[EventType "swiss"]
[EventRounds "9"]
[EventCountry "ITA"]
[SourceTitle "EXT 2023"]
[Source "ChessBase"]
[SourceDate "2022.10.05"]
[SourceVersion "1"]
[SourceVersionDate "2022.10.05"]
[SourceQuality "1"]

1. e4 g6 2. d4 Bg7 3. f4 c6 4. Nf3 d5 5. e5 Nh6 6. a4 Bg4 7. a5 0-0 8. Be2 f6 9. 0-0 Nd7 10. b4 b6 11. Qe1 Re8 12. Nbd2 Be6 13. Nb3 Qc7 14. Ba3 Nf8 15. h3 Nf7 16. g4 Kh8 17. Bb2 Nd7 18. Bd3 Nh6 19. axb6 Qxb6 20. Ra6 Qc7 21. Qc3 Rec8 22. Qe1 Re8 23. Qh4 Kg8 24. b5 Nb8 25. b6 Qc8 26. Rxa7 Rxa7 27. bxa7 Nd7 28. Bc1 f5 29. Ng5 Nf8 30. Nc5 Nf7 31. a8Q 1-0

[Event "Bratto op 25th"]
[Site "Bratto"]
[Date "2005.08.25"]
[Round "6"]
[White "Alberton, Roberto"]
[Black "Aglietti, Graziano"]
[Result "0-1"]
[WhiteElo "2108"]
[BlackElo "2048"]
[PlyCount "74"]
[EventDate "2005.08.20"]
[EventType "swiss"]
[EventRounds "9"]
[EventCountry "ITA"]
[SourceTitle "CBM 108 Extra"]
[Source "ChessBase"]
[SourceDate "2005.11.04"]
[SourceVersion "1"]
[SourceVersionDate "2005.11.04"]
[SourceQuality "1"]

1. d4 e6 2. c4 f5 3. g3 Nf6 4. Bg2 Be7 5. Nf3 0-0 6. 0-0 Ne4 7. b3 Bf6 8. Bb2 c5 9. e3 Nc6 10. Nbd2 d6 11. Qc2 Nxd2 12. Qxd2 e5 13. Rad1 e4 14. Ne1 cxd4 15. exd4 Bg5 16. Qe2 Re8 17. Nc2 Bd7 18. f3 Qc8 19. f4 Bf6 20. a3 Na5 21. Na1 Qc7 22. Bc3 Qb6 23. b4 Nxc4 24. Qxc4+ Be6 25. Qe2 Rac8 26. Qe3 Rc4 27. Kh1 Rec8 28. Bb2 a5 29. Nb3 axb4 30. Nd2 Rc2 31. Ba1 b3 32. Nxb3 Qxb3 33. Qxb3 Bxb3 34. g4 g6 35. gxf5 gxf5 36. Bh3 e3 37. Bxf5 Bd5+ 0-1

[Event "Bratto op 25th"]
[Site "Bratto"]
[Date "2005.08.20"]
[Round "1"]
[White "Sedina, Elena"]
[Black "Alberton, Roberto"]
[Result "1-0"]
[WhiteElo "2402"]
[BlackElo "2108"]
[PlyCount "85"]
[EventDate "2005.08.20"]
[EventType "swiss"]
[EventRounds "9"]
[EventCountry "ITA"]
[SourceTitle "CBM 108 Extra"]
[Source "ChessBase"]
[SourceDate "2005.11.04"]
[SourceVersion "1"]
[SourceVersionDate "2005.11.04"]
[SourceQuality "1"]

1. e4 e6 2. d4 d5 3. e5 c5 4. c3 Nc6 5. Nf3 Bd7 6. Be2 Qb6 7. 0-0 f6 8. dxc5 Bxc5 9. b4 Be7 10. Bf4 fxe5 11. Nxe5 Nxe5 12. Bxe5 Bf6 13. Bd3 0-0-0 14. Qe2 Bxe5 15. Qxe5 Nf6 16. Nd2 Ng4 17. Qg3 e5 18. h3 e4 19. Bxe4 dxe4 20. Nc4 Qc7 21. Nd6+ Kb8 22. hxg4 Be6 23. Nxe4 Qxg3 24. Nxg3 Bxg4 25. f3 Rd3 26. Rfe1 Rhd8 27. Re7 Bc8 28. Ne4 R8d7 29. Rxd7 Rxd7 30. Kf2 b6 31. a4 Bb7 32. Ke3 Kc7 33. c4 h6 34. Rc1 Bxe4 35. fxe4 a5 36. b5 Kb7 37. c5 bxc5 38. Rxc5 Rd1 39. e5 Rg1 40. Kf3 Re1 41. Kf4 Rf1+ 42. Ke4 g5 43. e6 1-0

[Event "Veneto-ch qf 65th"]
[Site "Arqua Petrarca"]
[Date "2005.05.15"]
[Round "6.5"]
[White "Castellano, Alfonso"]
[Black "Alberton, Roberto"]
[Result "1/2-1/2"]
[WhiteElo "1913"]
[BlackElo "2120"]
[PlyCount "55"]
[EventDate "2005.05.07"]
[EventType "swiss"]
[EventRounds "6"]
[EventCountry "ITA"]
[SourceTitle "EXT 2024"]
[Source "ChessBase"]
[SourceDate "2023.10.10"]
[SourceVersion "1"]
[SourceVersionDate "2023.10.10"]
[SourceQuality "1"]

1. c4 Nf6 2. Nc3 e6 3. g3 d5 4. Nf3 d4 5. Nb5 Nc6 6. d3 a6 7. Na3 e5 8. Nc2 Bg4 9. Bg2 Rb8 10. 0-0 Qd7 11. Re1 Be7 12. b3 0-0 13. Bb2 Bh3 14. Bh1 Ng4 15. Qd2 Qf5 16. e3 dxe3 17. Nxe3 Nxe3 18. Qxe3 Bf6 19. Bc3 Rbd8 20. Rad1 Bg4 21. Rd2 Rd7 22. h4 h6 23. Nh2 Qg6 24. Nxg4 Qxg4 25. Kh2 Nd4 26. Bxd4 exd4 27. Qe2 Qxe2 28. Rdxe2 1/2-1/2

[Event "Venice Autumn op-A 10th"]
[Site "Venice"]
[Date "2004.10.31"]
[Round "3"]
[White "Alberton, Roberto"]
[Black "Petruk, Mykola"]
[Result "1-0"]
[WhiteElo "2125"]
[BlackElo "2009"]
[PlyCount "133"]
[EventDate "2004.10.29"]
[EventType "swiss"]
[EventRounds "6"]
[EventCountry "ITA"]
[SourceTitle "EXT 2005"]
[Source "ChessBase"]
[SourceDate "2004.11.15"]
[SourceVersion "1"]
[SourceVersionDate "2004.11.15"]
[SourceQuality "1"]

1. d4 d5 2. c4 e6 3. Nc3 Nf6 4. cxd5 exd5 5. Bg5 Be7 6. e3 c6 7. Bd3 h6 8. Bh4 Bg4 9. f3 Be6 10. Nge2 Nh5 11. Bxe7 Qxe7 12. 0-0 0-0 13. Qd2 f5 14. Nf4 Nxf4 15. exf4 Nd7 16. Rfe1 Qf6 17. Qf2 Rae8 18. Re2 Re7 19. Rae1 Rfe8 20. a3 Nf8 21. b4 Ng6 22. g3 Kf7 23. Kg2 Bd7 24. Rxe7+ Rxe7 25. Rxe7+ Qxe7 26. Qe2 Qd6 27. Qc2 Qf6 28. Ne2 Qe7 29. Kf2 Qf6 30. Qa4 a6 31. Qa5 Ne7 32. Qc7 Bc8 33. Qe5 Ng6 34. Qc7+ Ne7 35. Qb6 Qd6 36. Bc2 g6 37. Nc1 Ng8 38. Nd3 Nf6 39. Ne5+ Kg7 40. Bd3 Nd7 41. Qd8 Qf8 42. Qc7 Qe8 43. g4 Kf6 44. Qd6+ Kg7 45. Kg3 Nxe5 46. fxe5 Qf7 47. gxf5 gxf5 48. Kf2 Be6 49. Qd8 Bd7 50. Qh4 Be6 51. Ke3 a5 52. Kf4 axb4 53. axb4 Kg6 54. Qg4+ Kh7 55. Qh4 Kg7 56. Qh3 Qe7 57. Qg3+ Kh8 58. Bxf5 Bxf5 59. Kxf5 Qxb4 60. Qg6 Qb1+ 61. Kf6 Qxg6+ 62. Kxg6 Kg8 63. f4 b5 64. f5 b4 65. f6 b3 66. f7+ Kf8 67. Kf6 1-0

[Event "Venice Autumn op-A 10th"]
[Site "Venice"]
[Date "2004.10.30"]
[Round "2"]
[White "Cedriano, Filippo"]
[Black "Alberton, Roberto"]
[Result "1/2-1/2"]
[WhiteElo "2062"]
[BlackElo "2125"]
[PlyCount "53"]
[EventDate "2004.10.29"]
[EventType "swiss"]
[EventRounds "6"]
[EventCountry "ITA"]
[SourceTitle "EXT 2005"]
[Source "ChessBase"]
[SourceDate "2004.11.15"]
[SourceVersion "1"]
[SourceVersionDate "2004.11.15"]
[SourceQuality "1"]

1. e4 e6 2. f4 d5 3. e5 c5 4. Nf3 Nc6 5. Be2 Nh6 6. 0-0 Be7 7. d3 0-0 8. c3 Bd7 9. a4 Rc8 10. Kh1 Qc7 11. Na3 a6 12. Be3 f6 13. exf6 Rxf6 14. g3 Nf5 15. Bg1 d4 16. Nc4 Rh6 17. Qe1 b5 18. axb5 axb5 19. Nce5 Nxe5 20. Nxe5 Be8 21. Ng4 Bc6+ 22. Bf3 Rg6 23. Ne5 Bxf3+ 24. Rxf3 Rh6 25. Ng4 Rg6 26. Ne5 Rh6 27. Ng4 1/2-1/2

[Event "Aosta op 12th"]
[Site "Saint Vincent"]
[Date "2004.02.13"]
[Round "7"]
[White "Mantovani, Renzo"]
[Black "Alberton, Roberto"]
[Result "1-0"]
[WhiteElo "2375"]
[BlackElo "2114"]
[PlyCount "79"]
[EventDate "2004.02.08"]
[EventType "swiss"]
[EventRounds "9"]
[EventCountry "ITA"]
[SourceTitle "CBM 098 Extra"]
[Source "ChessBase"]
[SourceDate "2004.03.10"]
[SourceVersion "2"]
[SourceVersionDate "2004.03.10"]
[SourceQuality "1"]

1. d4 g6 2. e4 Bg7 3. c4 c5 4. d5 d6 5. Nf3 Nf6 6. Bd3 0-0 7. h3 e6 8. Nc3 exd5 9. cxd5 b5 10. Nxb5 Nxe4 11. Bxe4 Re8 12. Ng5 Qa5+ 13. Nc3 Bxc3+ 14. bxc3 Qxc3+ 15. Bd2 Qd3 16. Be3 Qc3+ 17. Kf1 Rxe4 18. Nxe4 Qc4+ 19. Kg1 Qxe4 20. Qd2 Bb7 21. f3 Qxd5 22. Qxd5 Bxd5 23. Rd1 Be6 24. Rxd6 Nd7 25. Kf2 Kf8 26. Rb1 Rc8 27. Rb7 Ke8 28. Ra6 Nf6 29. Rbxa7 c4 30. Ra8 Rxa8 31. Rxa8+ Kd7 32. a4 Nd5 33. a5 c3 34. a6 c2 35. Bc1 Kc7 36. Ke1 Nb4 37. a7 Nd3+ 38. Kd2 Nxc1 39. Rb8 Bd5 40. Kxc1 1-0

[Event "Vicenza op 6th"]
[Site "Vicenza"]
[Date "2002.10.??"]
[Round "1"]
[White "Miatello, Alberto"]
[Black "Alberton, Roberto"]
[Result "1-0"]
[WhiteElo "1818"]
[BlackElo "2123"]
[PlyCount "73"]
[EventDate "2002.10.05"]
[EventType "swiss"]
[EventRounds "6"]
[EventCountry "ITA"]
[SourceTitle "EXT 2023"]
[Source "ChessBase"]
[SourceDate "2022.10.05"]
[SourceVersion "1"]
[SourceVersionDate "2022.10.05"]
[SourceQuality "1"]

1. e4 b6 2. d4 Bb7 3. Nc3 e6 4. a3 c5 5. Nf3 d6 6. Bb5+ Nd7 7. dxc5 bxc5 8. Bf4 Qc7 9. 0-0 a6 10. Ba4 Bc6 11. Qe2 Bxa4 12. Nxa4 Ngf6 13. e5 Nd5 14. exd6 Nxf4 15. Qe4 Qb8 16. Qxf4 Bxd6 17. Qg4 0-0 18. Rad1 Nf6 19. Qc4 Rc8 20. Rd3 Nd5 21. Rb3 Qc7 22. g3 Be7 23. Nd2 h5 24. Ne4 h4 25. Nec3 hxg3 26. hxg3 Qc6 27. Re1 Rd8 28. Ne4 Rac8 29. Nac3 Nxc3 30. Rxc3 Qb5 31. a4 Qxb2 32. Rb3 Qe5 33. Qxa6 f5 34. f4 Qd4+ 35. Nf2 c4 36. Qxe6+ Kf8 37. Qxe7+ 1-0

[Event "Asolo op 2nd"]
[Site "Asolo"]
[Date "2002.01.27"]
[Round "4"]
[White "Alberton, Roberto"]
[Black "Cacco, Christian"]
[Result "0-1"]
[WhiteElo "2112"]
[BlackElo "2254"]
[PlyCount "92"]
[EventDate "2002.01.25"]
[EventType "swiss"]
[EventRounds "5"]
[EventCountry "ITA"]
[SourceTitle "EXT 2024"]
[Source "ChessBase"]
[SourceDate "2023.10.10"]
[SourceVersion "1"]
[SourceVersionDate "2023.10.10"]
[SourceQuality "1"]

1. e4 d6 2. d4 g6 3. Nc3 Bg7 4. Be3 a6 5. Qd2 b5 6. f3 Bb7 7. a4 c6 8. axb5 cxb5 9. Bd3 Nd7 10. Nge2 Rc8 11. 0-0 Ngf6 12. Bh6 0-0 13. Bxg7 Kxg7 14. Kh1 Qb6 15. f4 b4 16. Na4 Qc7 17. d5 a5 18. c4 bxc3 19. Nexc3 Nc5 20. Nxc5 Qxc5 21. Nb5 Nxe4 22. Bxe4 Qxb5 23. Qxa5 Rc5 24. b4 Qxa5 25. Rxa5 Rc4 26. Bf3 Rxb4 27. Re1 Rc8 28. Ra7 Kf8 29. h3 Ra8 30. Rxa8+ Bxa8 31. Rc1 Kg7 32. Rc8 Ra4 33. g3 Ra5 34. Kg2 Bxd5 35. Bxd5 Rxd5 36. g4 Rd3 37. g5 h6 38. Ra8 e5 39. fxe5 dxe5 40. h4 hxg5 41. hxg5 e4 42. Ra5 Rf3 43. Re5 Rf5 44. Rxe4 Rxg5+ 45. Kf2 Ra5 46. Rb4 g5 0-1

[Event "Cornuda op"]
[Site "Cornuda"]
[Date "2000.01.??"]
[Round "5"]
[White "Alberton, Roberto"]
[Black "Danieli, Enrico"]
[Result "1/2-1/2"]
[WhiteElo "2138"]
[BlackElo "2055"]
[PlyCount "77"]
[EventDate "2000.01.28"]
[EventType "swiss"]
[EventRounds "5"]
[EventCountry "ITA"]
[SourceTitle "EXT 2014"]
[Source "ChessBase"]
[SourceDate "2013.11.20"]
[SourceVersion "1"]
[SourceVersionDate "2013.11.20"]
[SourceQuality "1"]

1. d4 d5 2. c4 e6 3. Nc3 Nf6 4. Bg5 Be7 5. e3 0-0 6. Nf3 h6 7. Bh4 Ne4 8. Bxe7 Qxe7 9. Bd3 Nxc3 10. bxc3 dxc4 11. Bxc4 b6 12. 0-0 Bb7 13. a4 Nc6 14. Qe2 Na5 15. Ba6 Rfd8 16. Bxb7 Nxb7 17. Ne5 Na5 18. Rfb1 Rac8 19. Nc4 Nxc4 20. Qxc4 c5 21. Qa6 cxd4 22. cxd4 Qc7 23. a5 bxa5 24. Qxa5 Qxa5 25. Rxa5 Rd7 26. g3 Kf8 27. h4 Ke7 28. Kg2 Rcc7 29. Kf3 Rb7 30. Rba1 Rbc7 31. R1a2 Rb7 32. h5 Kd8 33. Ra1 Kc8 34. g4 Kb8 35. R1a2 Rb6 36. Ke4 Rdb7 37. R5a3 Rb5 38. Ra6 R5b6 39. R6a5 1/2-1/2

[Event "Cornuda op"]
[Site "Cornuda"]
[Date "2000.01.??"]
[Round "2"]
[White "Alberton, Roberto"]
[Black "Pastres, Roberto"]
[Result "1-0"]
[WhiteElo "2138"]
[BlackElo "2212"]
[PlyCount "79"]
[EventDate "2000.01.28"]
[EventType "swiss"]
[EventRounds "5"]
[EventCountry "ITA"]
[SourceTitle "EXT 2014"]
[Source "ChessBase"]
[SourceDate "2013.11.20"]
[SourceVersion "1"]
[SourceVersionDate "2013.11.20"]
[SourceQuality "1"]

1. d4 d6 2. c4 g6 3. Nc3 Bg7 4. e4 c5 5. d5 Na6 6. Nf3 Nc7 7. Be2 Nh6 8. Bf4 0-0 9. h3 f5 10. e5 dxe5 11. Nxe5 Ne8 12. Qd2 Nf7 13. Nxf7 Rxf7 14. 0-0 Nd6 15. Rac1 Qa5 16. b3 Bd7 17. Rfe1 Rff8 18. Bf1 Rfe8 19. Be5 Bf8 20. h4 Nf7 21. Bf4 Rad8 22. Qc2 Bg7 23. Bd2 Qc7 24. g3 a6 25. Bg2 b5 26. Ne2 Rc8 27. Nf4 Ne5 28. Bc3 bxc4 29. bxc4 Nf7 30. Bxg7 Kxg7 31. Re3 Kg8 32. Rce1 Qd6 33. Qe2 Kf8 34. Ne6+ Bxe6 35. Rxe6 Qc7 36. h5 Kg7 37. hxg6 hxg6 38. Rxe7 Rxe7 39. Qxe7 Qxe7 40. Rxe7 1-0

[Event "Cornuda op"]
[Site "Cornuda"]
[Date "2000.01.??"]
[Round "3"]
[White "Alberton, Roberto"]
[Black "Pegoraro, Nicola"]
[Result "1-0"]
[WhiteElo "2138"]
[BlackElo "2060"]
[PlyCount "93"]
[EventDate "2000.01.28"]
[EventType "swiss"]
[EventRounds "5"]
[EventCountry "ITA"]
[SourceTitle "EXT 2014"]
[Source "ChessBase"]
[SourceDate "2013.11.20"]
[SourceVersion "1"]
[SourceVersionDate "2013.11.20"]
[SourceQuality "1"]

1. d4 Nf6 2. Nf3 c5 3. d5 d6 4. c4 g6 5. Nc3 Bg7 6. e4 0-0 7. Be2 Nbd7 8. 0-0 Ne5 9. Nxe5 dxe5 10. Be3 b6 11. Rb1 Ne8 12. b4 cxb4 13. Rxb4 f5 14. f3 Nd6 15. Qb3 Bd7 16. Rc1 Rc8 17. Qb1 Rc7 18. a4 Qc8 19. Nb5 Bxb5 20. axb5 Qd7 21. Qd3 Nb7 22. Ra1 f4 23. Bf2 Nc5 24. Qb1 Qd6 25. Rb2 Rd8 26. Rba2 Rdd7 27. Ra3 e6 28. R1a2 exd5 29. cxd5 Bf8 30. Qa1 h6 31. Be1 Kf7 32. Bb4 Be7 33. Rxa7 Rxa7 34. Rxa7 Rxa7 35. Qxa7 Kf6 36. Qa8 Kg7 37. Qc8 Qd8 38. Qc6 Qd6 39. g3 g5 40. Bf1 Qxc6 41. bxc6 Bd6 42. gxf4 gxf4 43. Be1 Kf7 44. Bh4 Bc7 45. Bc4 Ke8 46. Kf1 Na4 47. d6 1-0

[Event "Bratto op 20th"]
[Site "Bratto"]
[Date "2000.??.??"]
[Round "7"]
[White "Alberton, Roberto"]
[Black "Marta, Daniele"]
[Result "1-0"]
[WhiteElo "2147"]
[BlackElo "2007"]
[PlyCount "65"]
[EventDate "2000.08.25"]
[EventType "swiss"]
[EventRounds "9"]
[EventCountry "ITA"]
[SourceTitle "CBM 077 Extra"]
[Source "ChessBase"]
[SourceDate "2000.09.14"]
[SourceVersion "1"]
[SourceVersionDate "2000.09.14"]
[SourceQuality "1"]

1. e4 e6 2. d4 d5 3. Nd2 Nf6 4. e5 Nfd7 5. Bd3 c5 6. c3 Nc6 7. Ne2 cxd4 8. cxd4 f6 9. exf6 Nxf6 10. Nf3 Bd6 11. 0-0 Qc7 12. g3 0-0 13. Bf4 Nh5 14. Bxd6 Qxd6 15. Ng5 g6 16. f4 Bd7 17. a3 Rac8 18. Qd2 Qe7 19. Rac1 Qg7 20. Nf3 Qf6 21. b4 b6 22. Ba6 Rb8 23. b5 Na5 24. Ne5 Qd8 25. Qb4 Bc8 26. Bxc8 Rxc8 27. Rxc8 Qxc8 28. Rc1 Qd8 29. Qc3 g5 30. Qf3 Ng7 31. Qg4 Qe7 32. Qxg5 Qxa3 33. Rc7 1-0